skbl

Dr Suryya Kumar Bhuyan Library Web-OPAC
ডঃ সূৰ্য্য
কুমাৰ ভূঞা পুথিভঁৰাল ৱেব-অ'পেক

All Research Scholars are advised to clear the annual library fees to continue using Library Resources, Remote Access, Plagiarism Test and Library Clearance.

Cotton University Book Fair 2026

Benudhar Sharma Rachanawali : Vol. 2 (Buranjir Safura) / (Record no. 1013)

MARC details
000 -LEADER
fixed length control field 00927nam a2200349Ia 4500
001 - CONTROL NUMBER
control field 1015
005 - DATE AND TIME OF LATEST TRANSACTION
control field 20240113233440.0
007 - PHYSICAL DESCRIPTION FIXED FIELD--GENERAL INFORMATION
fixed length control field ta
008 - FIXED-LENGTH DATA ELEMENTS--GENERAL INFORMATION
fixed length control field 050129s1987 g b000 u asm u
040 ## - CATALOGING SOURCE
Original cataloging agency Cotton College,Assam
041 ## - LANGUAGE CODE
Language code of text/sound track or separate title asm
082 ## - DEWEY DECIMAL CLASSIFICATION NUMBER
Classification number 891.4108
Item number Sh 11 Be
082 ## - DEWEY DECIMAL CLASSIFICATION NUMBER
Classification number 954.16208
Item number Sh 11 Be
100 ## - MAIN ENTRY--PERSONAL NAME
Personal name Sharma, Benudhar .
245 #0 - TITLE STATEMENT
Title Benudhar Sharma Rachanawali : Vol. 2 (Buranjir Safura) /
Statement of responsibility, etc. Benudhar Sharma.
Medium Textual Documents
250 ## - EDITION STATEMENT
Edition statement 1st ed. /
260 ## - PUBLICATION, DISTRIBUTION, ETC.
Place of publication, distribution, etc. Guwahati :
Name of publisher, distributor, etc. Manuh Prakashan ,
Date of publication, distribution, etc. 1987.
300 ## - PHYSICAL DESCRIPTION
Extent 477p. ;
Dimensions 24cm.
500 ## - GENERAL NOTE
General note 23/Ref/Ass
653 ## - INDEX TERM--UNCONTROLLED
Uncontrolled term Assamese Literature-Collections
653 ## - INDEX TERM--UNCONTROLLED
Uncontrolled term Sharma, Benudhar-Collections
653 ## - INDEX TERM--UNCONTROLLED
Uncontrolled term Reference-Assamese
653 ## - INDEX TERM--UNCONTROLLED
Uncontrolled term T/G-Rare
942 ## - ADDED ENTRY ELEMENTS (KOHA)
Source of classification or shelving scheme Dewey Decimal Classification
Koha item type Books
Holdings
Withdrawn status Lost status Damaged status Not for loan Collection Home library Current library Date acquired Coded location qualifier Total checkouts Full call number Barcode Date last seen Copy number Price effective from Koha item type
          Dr. Suryya Kumar Bhuyan Library Dr. Suryya Kumar Bhuyan Library 01/02/2012 00000   891.4108 Sh 11 Be 83021 13/01/2024 6 01/02/2012 Books
          Dr. Suryya Kumar Bhuyan Library Dr. Suryya Kumar Bhuyan Library 01/02/2012 00000   891.4108 Sh 11 Be 83022 13/01/2024 5 01/02/2012 Books

Designed and Maintained by Team SKBL
©1901-2026

Powered by Koha